[Event "Aragon-chT Honor Descenso"]
[Site "Aragon"]
[Date "2022.03.26"]
[Round "9.32"]
[White "Olivan Blasco, Leonardo"]
[Black "Fabre Perez, Jose Maria"]
[Result "0-1"]
[WhiteElo "1400"]
[BlackElo "2009"]
[PlyCount "62"]
[EventDate "2022.03.19"]
[EventType "team-tourn"]
[EventRounds "10"]
[EventCountry "ESP"]
[SourceTitle "EXT 2024"]
[Source "ChessBase"]
[SourceDate "2023.10.10"]
[SourceVersion "1"]
[SourceVersionDate "2023.10.10"]
[SourceQuality "1"]
[WhiteTeam "Utebo San Lamberto"]
[BlackTeam "Delicias"]
[WhiteTeamCountry "ESP"]
[BlackTeamCountry "ESP"]

1. e4 c5 2. Nf3 Nc6 3. d4 cxd4 4. Nxd4 g6 5. Be3 Nf6 6. Nc3 Bg7 7. Qd2 Ng4 8. Nxc6 bxc6 9. Bc4 Nxe3 10. Qxe3 Qb6 11. Qf3 0-0 12. Bb3 a5 13. Na4 Qb5 14. c4 Qb4+ 15. Nc3 a4 16. 0-0 axb3 17. a3 Qxc4 18. Rac1 Qe6 19. Rfe1 Bb7 20. Qg3 Be5 21. f4 Bd4+ 22. Kh1 c5 23. e5 Bc6 24. h4 h5 25. Rf1 Qg4 26. Qh2 f6 27. Nd1 fxe5 28. f5 Rxf5 29. Rxf5 Qxf5 30. Qg3 Qf1+ 31. Kh2 Bg1+ 0-1